| 000 | 00000nam##2200000za#4500 |
| 001 | 9.618367 |
| 003 | CaOODSP |
| 005 | 20230131161135 |
| 007 | ta |
| 008 | 150406|2008||||xxc||||| f|0| 0 eng|d |
| 020 | |a978-0-660-19743-2 |
| 022 | |a0068-7626 |
| 040 | |aCaOODSP|beng |
| 043 | |an-cn--- |
| 086 | 1 |aM42-590E |
| 110 | 2 |aGeological Survey of Canada. |
| 245 | 10|aSurficial geology, Halifax Harbour, Nova Scotia / |c[by] G.B.J. Fader and R.O. Miller. |
| 260 | |bNatural Resources Canada. |cc2008. |
| 300 | |ax, 163p. : |bfigs., graphs, maps (some coloured), references, tables ; |c28 cm. + |e1 CD-ROM under the same title. |
| 490 | 1 |aBulletin|x0068-7626|vNo. 590 |
| 500 | |a"The CD-ROM accompanying this publication contains the full report, including any oversized figures and/or A-series maps, in Portable Document Format (PDF)."--Verso of cover. |
| 546 | |aPrefactory texts and abstracts in English and French, articles in their original language. |
| 563 | |aSoftcover |
| 590 | |a08-23|b2008-06-06 |
| 690 | 07|aGeology|2gcpds |
| 720 | 1 |aFader, G. B. J. |
| 720 | 1 |aMiller, R.O. |
| 776 | 0#|tSurficial geology, Halifax Harbour, Nova Scotia |w(CaOODSP)9.564168 |
| 776 | 0#|tSurficial geology, Halifax Harbour, Nova Scotia / |w(CaOODSP)9.618368 |
| 830 | #0|aBulletin,|x0068-7626|vNo. 590|w(CaOODSP)9.514768 |